Statystyki dla Państwa najbliższe RPA, z wyjątkami

Kliknij tutaj aby rozwiązać quiz!

Ogólne statystyki

  • Ten quiz został rozwiązany 65 razy
  • Średni wynik to 17 z 21

Statystyki odpowiedzi

kmPaństwo% Poprawnych
6034Indie
95%
4485Arabia Saudyjska
93%
4945Oman
93%
5747Brazylia
90%
5955Iran
90%
4118Jemen
90%
5909Irak
88%
5766Izrael
88%
6099Syria
85%
5746Jordania
83%
5636Katar
83%
5925Kuwejt
83%
6211Pakistan
83%
6165Liban
82%
5450Malediwy
82%
5744Bahrajn
80%
6185Sri Lanka
80%
6464Urugwaj
70%
6321Cypr
60%
5540Zjednoczone Emiraty
Arabski
60%
6359Grecja
38%

Rozkład punktacji

Percentyl według liczby udzielonych odpowiedzi

Procent ludzi z każdym wynikiem

Twoja historia wyników

Nie rozwiązałeś tego quizu